[Event "Hamburg-chT Landesliga 2122"]
[Site "Hamburg"]
[Date "2022.06.19"]
[Round "5.8"]
[White "Younus, Khaled"]
[Black "Schuetze, Michael"]
[Result "0-1"]
[WhiteElo "1816"]
[BlackElo "2185"]
[PlyCount "70"]
[EventDate "2021.10.31"]
[EventType "team-tourn"]
[EventRounds "9"]
[EventCountry "GER"]
[SourceTitle "EXT 2024"]
[Source "ChessBase"]
[SourceDate "2023.10.10"]
[SourceVersion "1"]
[SourceVersionDate "2023.10.10"]
[SourceQuality "1"]
[WhiteTeam "Hamburger SK V"]
[BlackTeam "St Pauli II"]
[WhiteTeamCountry "GER"]
[BlackTeamCountry "GER"]

1. e4 c6 2. d4 d5 3. exd5 cxd5 4. Bd3 Nc6 5. c3 Nf6 6. Ne2 g6 7. Bf4 Bg7 8. Nd2 Bf5 9. Bxf5 gxf5 10. f3 e6 11. Qb3 Qd7 12. g4 fxg4 13. fxg4 Nxg4 14. Rg1 f5 15. h3 Nf6 16. Nf3 Ne4 17. Nc1 0-0-0 18. Nd3 Rhg8 19. 0-0-0 b6 20. Kb1 Bf6 21. Rxg8 Rxg8 22. c4 dxc4 23. Qxc4 Kb7 24. Nfe5 Bxe5 25. dxe5 Qe7 26. b4 Rc8 27. Rc1 Qd7 28. Rd1 Nd4 29. Nc5+ bxc5 30. Rd3 Qd5 31. Qxd5+ exd5 32. bxc5 Ne6 33. Bc1 Rxc5 34. Rf3 Rb5+ 35. Rb3 Rxb3+ 0-1

[Event "Hamburg-chT Landesliga 1920"]
[Site "Hamburg"]
[Date "2019.12.08"]
[Round "4.13"]
[White "Schuetze, Michael"]
[Black "Kirsch, Sergius"]
[Result "1/2-1/2"]
[WhiteElo "2193"]
[BlackElo "2005"]
[PlyCount "33"]
[EventDate "2019.09.29"]
[EventType "team-tourn"]
[EventRounds "9"]
[EventCountry "GER"]
[SourceTitle "EXT 2021"]
[Source "ChessBase"]
[SourceDate "2020.10.23"]
[SourceVersion "1"]
[SourceVersionDate "2020.10.23"]
[SourceQuality "1"]

1. Nf3 Nf6 2. g3 g6 3. Bg2 Bg7 4. 0-0 d6 5. d3 0-0 6. Nbd2 e5 7. e4 Nc6 8. Re1 Ne8 9. a4 f5 10. exf5 gxf5 11. Nc4 Nf6 12. c3 Qe8 13. Nh4 Qf7 14. f4 exf4 15. gxf4 Kh8 16. Ne3 Ne7 17. Qf3 1/2-1/2

[Event "Hamburg-chT Landesliga 1920"]
[Site "Hamburg"]
[Date "2019.11.24"]
[Round "3.4"]
[White "Schuetze, Michael"]
[Black "Brandt, Carina"]
[Result "1-0"]
[WhiteElo "2193"]
[BlackElo "2066"]
[PlyCount "75"]
[EventDate "2019.09.29"]
[EventType "team-tourn"]
[EventRounds "9"]
[EventCountry "GER"]
[SourceTitle "EXT 2021"]
[Source "ChessBase"]
[SourceDate "2020.10.23"]
[SourceVersion "1"]
[SourceVersionDate "2020.10.23"]
[SourceQuality "1"]

1. Nf3 g6 2. g3 Bg7 3. Bg2 Nc6 4. 0-0 e5 5. e4 d6 6. c3 f5 7. exf5 Bxf5 8. d4 exd4 9. Nxd4 Nxd4 10. cxd4 c6 11. Re1+ Kf8 12. Nc3 Qb6 13. g4 Bxd4 14. Be3 Bxe3 15. Rxe3 d5 16. gxf5 Nf6 17. fxg6 hxg6 18. Qf3 Kf7 19. Rae1 Qc7 20. Qg3 Rac8 21. Bh3 Qxg3+ 22. Rxg3 Rc7 23. Be6+ Kg7 24. Bf5 Rh6 25. Bc2 Kf7 26. Re5 b5 27. b4 a5 28. a3 axb4 29. axb4 d4 30. Ne4 Nd5 31. Bb3 Rh4 32. Nc5 Ra7 33. Bxd5+ cxd5 34. Rf3+ Kg7 35. Rxd5 Re7 36. Nd3 Re2 37. Rf4 Rh3 38. Rfxd4 1-0

[Event "Hamburg-chT Landesliga 1920"]
[Site "Hamburg"]
[Date "2019.10.20"]
[Round "2.4"]
[White "Zimmermann, Martin"]
[Black "Schuetze, Michael"]
[Result "1/2-1/2"]
[WhiteElo "2149"]
[BlackElo "2193"]
[PlyCount "52"]
[EventDate "2019.09.29"]
[EventType "team-tourn"]
[EventRounds "9"]
[EventCountry "GER"]
[SourceTitle "EXT 2021"]
[Source "ChessBase"]
[SourceDate "2020.10.23"]
[SourceVersion "1"]
[SourceVersionDate "2020.10.23"]
[SourceQuality "1"]

1. d4 f5 2. Nf3 Nf6 3. g3 g6 4. Bg2 Bg7 5. 0-0 0-0 6. c4 d6 7. Nc3 c6 8. b3 Na6 9. Bb2 Rb8 10. a3 b5 11. cxb5 cxb5 12. b4 Nc7 13. Rc1 Bb7 14. Qb3+ e6 15. Ng5 Qd7 16. Rc2 Bxg2 17. Kxg2 h6 18. Nf3 Rfc8 19. Rfc1 Ncd5 20. Nd1 Nb6 21. Nd2 Rxc2 22. Rxc2 Rc8 23. Ne3 Kf7 24. f3 d5 25. Rxc8 Qxc8 26. Qc2 Qxc2 1/2-1/2

[Event "Oberliga Nord N 1819"]
[Site "Germany"]
[Date "2018.11.25"]
[Round "3.7"]
[White "Schulz, Karsten"]
[Black "Schuetze, Michael"]
[Result "1/2-1/2"]
[WhiteElo "2257"]
[BlackElo "2187"]
[PlyCount "126"]
[EventDate "2018.10.21"]
[EventType "team-tourn"]
[EventRounds "9"]
[EventCountry "GER"]
[SourceTitle "EXT 2020"]
[Source "ChessBase"]
[SourceDate "2019.10.17"]
[SourceVersion "1"]
[SourceVersionDate "2019.10.17"]
[SourceQuality "1"]
[WhiteTeam "Schwerin SF"]
[BlackTeam "St Pauli II"]
[WhiteTeamCountry "GER"]
[BlackTeamCountry "GER"]

1. c4 f5 2. g3 Nf6 3. Bg2 d6 4. Nc3 e5 5. d3 c6 6. e4 Be7 7. Nge2 0-0 8. 0-0 Na6 9. f3 Kh8 10. Be3 Nc7 11. exf5 Bxf5 12. d4 Qd7 13. Qd2 Bh3 14. Rad1 Bxg2 15. Kxg2 Qe8 16. Bg5 Qf7 17. b3 exd4 18. Nxd4 d5 19. Bf4 Rac8 20. Nf5 Rfd8 21. Nxe7 Qxe7 22. Rfe1 Qf8 23. Bxc7 Rxc7 24. cxd5 Nxd5 25. Nxd5 cxd5 26. Re3 Rcd7 27. Qd4 b6 28. Rc1 Qf7 29. Rc6 Kg8 30. Rce6 h6 31. g4 Rf8 32. R6e5 Qf4 33. Qxf4 Rxf4 34. Rd3 d4 35. Kg3 Rf8 36. f4 Rc8 37. Kf3 Rc2 38. Re2 Rc8 39. Re4 Rc2 40. Rexd4 Rxd4 41. Rxd4 Rxa2 42. h4 Ra3 43. Rd3 a5 44. Ke4 a4 45. bxa4 Rxa4+ 46. Kf5 Ra8 47. Kg6 Rf8 48. f5 Rf6+ 49. Kh5 b5 50. Rd8+ Rf8 51. Rd7 Rf7 52. Rd6 Rf6 53. Rd5 Rb6 54. Rd8+ Kf7 55. g5 hxg5 56. hxg5 b4 57. f6 Rb7 58. fxg7 Kxg7 59. Kg4 b3 60. Rd1 b2 61. Rb1 Kg6 62. Kf4 Rb4+ 63. Ke3 Kxg5 1/2-1/2

[Event "Oberliga Nord N 1819"]
[Site "Germany"]
[Date "2018.11.11"]
[Round "2.6"]
[White "Andersen, Jens Knud"]
[Black "Schuetze, Michael"]
[Result "1/2-1/2"]
[WhiteElo "2167"]
[BlackElo "2187"]
[PlyCount "63"]
[EventDate "2018.10.21"]
[EventType "team-tourn"]
[EventRounds "9"]
[EventCountry "GER"]
[SourceTitle "EXT 2020"]
[Source "ChessBase"]
[SourceDate "2019.10.17"]
[SourceVersion "1"]
[SourceVersionDate "2019.10.17"]
[SourceQuality "1"]
[WhiteTeam "Hamburg Schachfreunde"]
[BlackTeam "St Pauli II"]
[WhiteTeamCountry "GER"]
[BlackTeamCountry "GER"]

1. Nf3 f5 2. d3 d6 3. e4 e5 4. Nc3 c5 5. g3 Nf6 6. Nh4 fxe4 7. dxe4 Be6 8. Bg2 Be7 9. Nf5 0-0 10. 0-0 Nc6 11. Nxe7+ Nxe7 12. Nd5 Nfxd5 13. exd5 Bf5 14. c3 Qd7 15. Re1 Rf7 16. Be3 Raf8 17. b4 cxb4 18. cxb4 b6 19. a4 Bg4 20. Qd3 Bf3 21. Bxf3 Rxf3 22. Qe4 Qf5 23. Qxf5 R3xf5 24. Red1 e4 25. Rd4 Nxd5 26. Rxe4 Re5 27. Rxe5 dxe5 28. a5 Nxb4 29. axb6 axb6 30. Bxb6 Nd5 31. Bc5 Re8 32. Re1 1/2-1/2

[Event "Hamburg-chT Landesliga 1718"]
[Site "Hamburg"]
[Date "2018.04.22"]
[Round "9.4"]
[White "Kuhn, Gerd"]
[Black "Schuetze, Michael"]
[Result "1/2-1/2"]
[WhiteElo "2081"]
[BlackElo "2181"]
[PlyCount "119"]
[EventDate "2017.10.08"]
[EventType "team-tourn"]
[EventRounds "9"]
[EventCountry "GER"]
[SourceTitle "EXT 2021"]
[Source "ChessBase"]
[SourceDate "2020.10.23"]
[SourceVersion "1"]
[SourceVersionDate "2020.10.23"]
[SourceQuality "1"]
[WhiteTeam "Grosshansdorf"]
[BlackTeam "St Pauli II"]
[WhiteTeamCountry "GER"]
[BlackTeamCountry "GER"]

1. d4 f5 2. Nf3 Nf6 3. g3 g6 4. Bg2 Bg7 5. c3 c6 6. 0-0 0-0 7. Qb3+ d5 8. Bf4 Qb6 9. Nbd2 Be6 10. Qa3 Re8 11. Ng5 Bd7 12. Be5 h6 13. Nh3 g5 14. f4 g4 15. Nf2 Be6 16. Nd3 Nbd7 17. Nb3 h5 18. Nbc5 Nf8 19. Qb3 Qxb3 20. axb3 Bc8 21. b4 e6 22. Ra2 N6d7 23. Bd6 Bf6 24. Rfa1 a6 25. b3 Nxc5 26. Nxc5 Nd7 27. e3 Nxc5 28. bxc5 Kf7 29. Bf1 Be7 30. Be5 Bf6 31. Ra4 Bxe5 32. fxe5 Bd7 33. Rb4 Ra7 34. Rb6 Rea8 35. Be2 Rh8 36. Kg2 h4 37. c4 hxg3 38. hxg3 Ke7 39. b4 dxc4 40. Bxc4 Rh6 41. Bd3 Kd8 42. e4 fxe4 43. Bxe4 Kc7 44. b5 Rh8 45. bxa6 Rxa6 46. Rbxa6 bxa6 47. Rxa6 Rb8 48. Kf2 Rb4 49. Ke3 Rb3+ 50. Kf4 Rb4 51. Kxg4 Rxd4 52. Kf3 Rc4 53. Ra5 Be8 54. g4 Rc1 55. Kf4 Rc4 56. Ra7+ Kd8 57. Rg7 Rxc5 58. g5 Rc1 59. g6 Rg1 60. Ke3 1/2-1/2

[Event "Hamburg-chT Landesliga 1617"]
[Site "Hamburg"]
[Date "2017.05.14"]
[Round "9.4"]
[White "Schuetze, Michael"]
[Black "Hein, Ralf"]
[Result "1/2-1/2"]
[WhiteElo "2202"]
[BlackElo "2004"]
[PlyCount "106"]
[EventDate "2016.10.16"]
[EventType "team-tourn"]
[EventRounds "9"]
[EventCountry "GER"]
[SourceTitle "EXT 2022"]
[Source "ChessBase"]
[SourceDate "2021.10.06"]
[SourceVersion "1"]
[SourceVersionDate "2021.10.06"]
[SourceQuality "1"]
[WhiteTeam "St Pauli II"]
[BlackTeam "Hamburg Diogenes II"]
[WhiteTeamCountry "GER"]
[BlackTeamCountry "GER"]

1. Nf3 d5 2. g3 Nf6 3. Bg2 c5 4. 0-0 Nc6 5. d3 e5 6. Nbd2 Bd6 7. e4 d4 8. a4 0-0 9. Nc4 Ne8 10. Qe2 f6 11. Bd2 Be6 12. b3 Qd7 13. Kh1 Bg4 14. Qe1 Bc7 15. Ng1 Nd6 16. f4 a6 17. f5 b5 18. Nxd6 Bxd6 19. Bf3 Bxf3+ 20. Nxf3 Qf7 21. g4 c4 22. bxc4 bxc4 23. g5 c3 24. Bc1 Qh5 25. Qg3 Kf7 26. Rg1 Ke7 27. Qf2 Nb4 28. Rg3 Qf7 29. Qg2 Rg8 30. g6 hxg6 31. fxg6 Qe6 32. Nh4 Kd7 33. Nf5 Bf8 34. Rh3 Rb8 35. Rh7 Kc6 36. h4 Na2 37. h5 Nxc1 38. Rxc1 Rb2 39. h6 gxh6 40. g7 Qf7 41. Qg4 Bxg7 42. Rxg7 Rxg7 43. Nxg7 Kc5 44. Nf5 Qa2 45. Qd1 Qxa4 46. Nxh6 Qe8 47. Qg4 a5 48. Nf5 a4 49. Ng7 Qh8+ 50. Kg2 a3 51. Qd7 Qg8 52. Qc7+ Kb5 53. Qb7+ Ka4 1/2-1/2

[Event "Hamburg-chT Landesliga 1011"]
[Site "Hamburg"]
[Date "2011.04.17"]
[Round "9.2"]
[White "Jaeckle, Marco"]
[Black "Schuetze, Michael"]
[Result "1/2-1/2"]
[WhiteElo "2258"]
[BlackElo "2231"]
[PlyCount "116"]
[EventDate "2010.10.10"]
[EventType "team-tourn"]
[EventRounds "9"]
[EventCountry "GER"]
[SourceTitle "EXT 2022"]
[Source "ChessBase"]
[SourceDate "2021.10.06"]
[SourceVersion "1"]
[SourceVersionDate "2021.10.06"]
[SourceQuality "1"]
[WhiteTeam "Hamburg Schachfreunde"]
[BlackTeam "St Pauli"]
[WhiteTeamCountry "GER"]
[BlackTeamCountry "GER"]

1. e4 c6 2. Ne2 d5 3. e5 d4 4. b4 f6 5. Nf4 Qc7 6. Nd3 Bf5 7. Qf3 Bxd3 8. Bxd3 Qxe5+ 9. Kd1 Nd7 10. Na3 0-0-0 11. Rb1 g6 12. b5 c5 13. Be4 Qb8 14. Nc4 Ne5 15. Nxe5 fxe5 16. b6 a6 17. Bd5 Rxd5 18. Qxd5 Qd6 19. Qc4 Nf6 20. Re1 Nd5 21. Rb3 Nxb6 22. Qf7 Kc7 23. Rh3 Nd5 24. Rxh7 Rxh7 25. Qxh7 c4 26. Qh8 Qf6 27. Qxf6 exf6 28. g3 Bd6 29. h4 b5 30. Rh1 e4 31. Bb2 Be5 32. h5 gxh5 33. Rh4 f5 34. Rxh5 b4 35. Rxf5 Kd6 36. Rf8 c3 37. Bc1 d3 38. Rd8+ Kc5 39. Re8 Kd6 40. Ra8 Nc7 41. Rd8+ Ke7 42. Rg8 Ke6 43. a3 a5 44. axb4 axb4 45. dxc3 bxc3 46. Rg4 Kd5 47. f3 exf3 48. cxd3 c2+ 49. Ke1 Ne6 50. Kf2 Nc5 51. Kxf3 Nxd3 52. Ke2 Nxc1+ 53. Kd2 Nb3+ 54. Kxc2 Nd4+ 55. Rxd4+ Kxd4 56. g4 Ke4 57. g5 Kf5 58. g6 Kxg6 1/2-1/2

[Event "Oberliga Nord N 0708"]
[Site "Germany"]
[Date "2007.12.09"]
[Round "4.1"]
[White "Szelag, Marcin"]
[Black "Schuetze, Michael"]
[Result "1-0"]
[WhiteElo "2478"]
[BlackElo "2264"]
[PlyCount "91"]
[EventDate "2007.10.21"]
[EventType "team-tourn"]
[EventRounds "9"]
[EventCountry "GER"]
[SourceTitle "EXT 2009"]
[Source "ChessBase"]
[SourceDate "2008.11.26"]
[SourceVersion "1"]
[SourceVersionDate "2008.11.26"]
[SourceQuality "1"]
[WhiteTeam "Rostock"]
[BlackTeam "St Pauli"]
[WhiteTeamCountry "GER"]
[BlackTeamCountry "GER"]

1. e4 c6 2. d4 d5 3. Nc3 dxe4 4. Nxe4 Nf6 5. Nxf6+ gxf6 6. g3 Bf5 7. Bg2 e6 8. Nf3 Nd7 9. Qe2 Qb6 10. 0-0 Bg7 11. Nh4 Bg6 12. Be3 Qc7 13. Bf4 e5 14. Bd2 0-0-0 15. f4 exf4 16. Bxf4 Qb6 17. c3 Rhe8 18. Qc4 Nf8 19. Rae1 Ne6 20. Bh3 Rd5 21. Rf2 Kd8 22. Bc1 Ng5 23. Rxe8+ Kxe8 24. Bg2 Rd7 25. Nf5 Bf8 26. Ne3 Be7 27. Ng4 Ne4 28. Re2 Nd6 29. Nxf6+ Kd8 30. Nxd7 Nxc4 31. Nxb6 axb6 32. b3 Nd6 33. Ba3 Bf8 34. Bxd6 Bxd6 35. Be4 Bh5 36. Rf2 h6 37. Bf5 Be7 38. g4 Bg6 39. Bxg6 fxg6 40. Rf7 Ke8 41. Rg7 g5 42. Rh7 Ba3 43. Rxb7 Bb2 44. Rxb6 Bxc3 45. Rxc6 Bxd4+ 46. Kg2 1-0

[Event "Hamburg-ch int"]
[Site "Hamburg"]
[Date "2003.06.14"]
[Round "8"]
[White "Fraas, Henning"]
[Black "Schuetze, Michael"]
[Result "1/2-1/2"]
[WhiteElo "2188"]
[BlackElo "2182"]
[PlyCount "52"]
[EventDate "2003.06.07"]
[EventType "swiss"]
[EventRounds "9"]
[EventCountry "GER"]
[SourceTitle "CBM 094 Extra"]
[Source "ChessBase"]
[SourceDate "2003.07.09"]
[SourceVersion "2"]
[SourceVersionDate "2003.07.09"]
[SourceQuality "1"]

1. d4 f5 2. Nc3 Nf6 3. Bg5 d5 4. Bxf6 exf6 5. e3 c6 6. h4 h5 7. Bd3 Bd6 8. f3 Qe7 9. Kd2 Be6 10. Nh3 Nd7 11. Ne2 g6 12. c3 0-0-0 13. Qa4 Kb8 14. Qc2 Rhe8 15. Nf2 Bf7 16. Nd1 Nb6 17. b3 Qc7 18. f4 Qe7 19. a4 Nc4+ 20. bxc4 dxc4 21. Bxf5 gxf5 22. Rh3 Rg8 23. g3 Bd5 24. Qa2 Qe6 25. Rh2 Rde8 26. Ke1 Rg7 1/2-1/2

[Event "Hamburg-ch int"]
[Site "Hamburg"]
[Date "2003.06.12"]
[Round "6"]
[White "Schuetze, Michael"]
[Black "Engelbert, Christoph"]
[Result "0-1"]
[WhiteElo "2182"]
[BlackElo "2235"]
[PlyCount "120"]
[EventDate "2003.06.07"]
[EventType "swiss"]
[EventRounds "9"]
[EventCountry "GER"]
[SourceTitle "CBM 094 Extra"]
[Source "ChessBase"]
[SourceDate "2003.07.09"]
[SourceVersion "2"]
[SourceVersionDate "2003.07.09"]
[SourceQuality "1"]

1. Nf3 g6 2. c4 Bg7 3. d4 d6 4. Nc3 e5 5. e3 Nc6 6. Be2 Nge7 7. d5 Nb8 8. 0-0 0-0 9. Rb1 h6 10. b4 f5 11. Nd2 Nd7 12. Bb2 e4 13. Nb3 Ne5 14. Nd4 Kh7 15. Qb3 Nd3 16. Bxd3 Bxd4 17. Bxe4 fxe4 18. exd4 Bf5 19. Rbe1 Qd7 20. Nxe4 g5 21. Bc1 Ng8 22. Ng3 Bg6 23. f4 g4 24. Re6 Qf7 25. Rfe1 a5 26. a3 axb4 27. axb4 Ra1 28. Qe3 Bf5 29. Nxf5 Qxf5 30. Qe4 Qxe4 31. R6xe4 Rf7 32. Kf2 Rb1 33. Bd2 Rb2 34. Ke2 Nf6 35. Re3 b5 36. Kd3 bxc4+ 37. Kc3 Ra2 38. R3e2 Nxd5+ 39. Kxc4 c6 40. Kb3 Rfa7 41. Bc1 R2a4 42. Bd2 Ra3+ 43. Kb2 Ra2+ 44. Kb1 Kg6 45. f5+ Kf7 46. g3 h5 47. Kc1 R7a3 48. Re6 Rd3 49. Bg5 Rc3+ 50. Kb1 Rcc2 51. R1e3 Rcb2+ 52. Kc1 Rxh2 53. Kb1 Rhb2+ 54. Kc1 Rf2 55. Kb1 Rfb2+ 56. Kc1 Rh2 57. Kb1 Rab2+ 58. Kc1 Rbf2 59. Re1 Rc2+ 60. Kb1 Nc3+ 0-1

[Event "Hamburg-ch int"]
[Site "Hamburg"]
[Date "2003.06.08"]
[Round "2"]
[White "Schuetze, Michael"]
[Black "Sawadkuhi, Massoud Amir"]
[Result "1-0"]
[WhiteElo "2182"]
[BlackElo "2250"]
[PlyCount "55"]
[EventDate "2003.06.07"]
[EventType "swiss"]
[EventRounds "9"]
[EventCountry "GER"]
[SourceTitle "CBM 094 Extra"]
[Source "ChessBase"]
[SourceDate "2003.07.09"]
[SourceVersion "2"]
[SourceVersionDate "2003.07.09"]
[SourceQuality "1"]

1. Nf3 c5 2. c4 Nc6 3. Nc3 g6 4. e3 Bg7 5. d4 d6 6. Be2 Bd7 7. 0-0 Nf6 8. d5 Ne5 9. Nxe5 dxe5 10. e4 0-0 11. f4 Ne8 12. f5 Nd6 13. g4 a6 14. a4 b5 15. axb5 axb5 16. Rxa8 Qxa8 17. cxb5 Qa5 18. Be3 Rc8 19. Qa1 Qb4 20. Qa3 gxf5 21. gxf5 Bf6 22. Kh1 Kh8 23. Rg1 Nc4 24. Bxc4 Qxc4 25. b6 Rg8 26. b7 Bg7 27. Qa8 Qb4 28. Bh6 1-0

[Event "Hamburg-ch int"]
[Site "Hamburg"]
[Date "2000.06.13"]
[Round "4"]
[White "Laqua, Christian"]
[Black "Schuetze, Michael"]
[Result "1/2-1/2"]
[WhiteElo "2246"]
[BlackElo "2221"]
[PlyCount "26"]
[EventDate "2000.06.10"]
[EventType "swiss"]
[EventRounds "9"]
[EventCountry "GER"]
[SourceTitle "CBM 076 Extra"]
[Source "ChessBase"]
[SourceDate "2000.07.11"]
[SourceVersion "1"]
[SourceVersionDate "2000.07.11"]
[SourceQuality "1"]

1. c4 f5 2. g3 Nf6 3. Bg2 g6 4. Nf3 Bg7 5. 0-0 0-0 6. Nc3 d6 7. d3 a5 8. a3 h6 9. Bd2 e5 10. b4 axb4 11. axb4 Rxa1 12. Qxa1 Nc6 13. Rb1 Be6 1/2-1/2